Konkurencieschopnosť automobilového priemyslu na Slovensku
Pohľad na rozvoj automobilového priemyslu na Slovensku. Bariéry automobilového priemyslu na Slovensku. Štruktúra pracovnej sily pre slovenský automobilový priemysel. Absencia systému transferu vedeckých poznatkov do praxe. Nízka úroveň rozvoja mobility na báze alternatívnych pohonov. Konkurenciesch...
Na minha lista:
| Autor principal: | |
|---|---|
| Outros Autores: | |
| Formato: | Capítulo de Livro |
| Idioma: | eslovaco |
| Assuntos: | |
| Tags: |
Sem tags, seja o primeiro a adicionar uma tag!
|
MARC
| LEADER | 00000naa a2200000 4500 | ||
|---|---|---|---|
| 001 | 0248406 | ||
| 005 | 20221104112103.9 | ||
| 041 | 0 | |a slo | |
| 044 | |a CZ | ||
| 245 | 1 | 0 | |a Konkurencieschopnosť automobilového priemyslu na Slovensku |c Juraj Sinay, Štefan Markulík |
| 520 | |a Pohľad na rozvoj automobilového priemyslu na Slovensku. Bariéry automobilového priemyslu na Slovensku. Štruktúra pracovnej sily pre slovenský automobilový priemysel. Absencia systému transferu vedeckých poznatkov do praxe. Nízka úroveň rozvoja mobility na báze alternatívnych pohonov. Konkurencieschopnosť slovenského automobilového priemyslu. | ||
| 610 | 2 | 0 | |a priemysel automobilový |
| 610 | 2 | 0 | |a Slovensko |
| 610 | 2 | 0 | |a konkurencieschopnosť |
| 610 | 2 | 0 | |a zdroje ľudské |
| 610 | 2 | 0 | |a kvalifikácia |
| 610 | 2 | 0 | |a bilancia obchodná |
| 100 | 1 | |a Sinay, Juraj | |
| 700 | 1 | |a Markulík, Štefan | |